La uña del ogro / (Registro nro. 7841)

Detalles MARC
000 -LEADER
fixed length control field 00997nam a2200325 a 4500
001 - CONTROL NUMBER
control field 000044249
003 - CONTROL NUMBER IDENTIFIER
control field DO-SdBNP
005 - DATE AND TIME OF LATEST TRANSACTION
control field 20180323095342.0
007 - PHYSICAL DESCRIPTION FIXED FIELD--GENERAL INFORMATION
fixed length control field 000044249
008 - FIXED-LENGTH DATA ELEMENTS--GENERAL INFORMATION
fixed length control field 140611s2010 dr ac 000 0 spa d
020 ## - INTERNATIONAL STANDARD BOOK NUMBER
International Standard Book Number 9789945429329
040 ## - CATALOGING SOURCE
Original cataloging agency BPMSU
Language of cataloging spa
Transcribing agency BPMSU
082 #4 - DEWEY DECIMAL CLASSIFICATION NUMBER
Classification number RD863.5
Item number C818u
092 ## - LOCALLY ASSIGNED DEWEY CALL NUMBER (OCLC)
Item number
100 1# - MAIN ENTRY--PERSONAL NAME
Personal name Corniel, Pavel,
Dates associated with a name 1972-
245 13 - TITLE STATEMENT
Title La uña del ogro /
Statement of responsibility, etc. Pavel Corniel ; ilustración Sarid Soto.
260 ## - PUBLICATION, DISTRIBUTION, ETC. (IMPRINT)
Place of publication, distribution, etc. Santo Domingo :
Name of publisher, distributor, etc. Afaguara Infantil,
Date of publication, distribution, etc. 2010.
300 ## - PHYSICAL DESCRIPTION
Extent 33 p. :
Other physical details il., retrs. ;
Dimensions 19 cm.
500 ## - GENERAL NOTE
General note Incluye datos biográficos del autor p.[34]
650 ## - SUBJECT ADDED ENTRY--TOPICAL TERM
Source of heading or term
Topical term or geographic name as entry element CUENTOS INFANTILES DOMINICANOS
650 ## - SUBJECT ADDED ENTRY--TOPICAL TERM
Source of heading or term
Topical term or geographic name as entry element LITERATURA INFANTIL DOMINICANA
930 #1 - EQUIVALENCE OR CROSS-REFERENCE-UNIFORM TITLE HEADING [LOCAL, CANADA]
Language of a work
Medium of performance for music
Field link and sequence number
Date of a work
Name of part/section of a work
Miscellaneous information
930 #1 - EQUIVALENCE OR CROSS-REFERENCE-UNIFORM TITLE HEADING [LOCAL, CANADA]
Language of a work
Medium of performance for music
Field link and sequence number
Date of a work
Name of part/section of a work
Miscellaneous information
Medium
942 ## - ADDED ENTRY ELEMENTS (KOHA)
Source of classification or shelving scheme Dewey Decimal Classification
Koha item type Libros
945 ## - LOCAL PROCESSING INFORMATION (OCLC)
a Inventariado infantil / 2017 VM
956 ## - LOCAL ELECTRONIC LOCATION AND ACCESS (OCLC)
Host name
Access number
Compression information
Logon
Processor of request
956 ## - LOCAL ELECTRONIC LOCATION AND ACCESS (OCLC)
Host name
Access number
Compression information
Logon
Processor of request
956 ## - LOCAL ELECTRONIC LOCATION AND ACCESS (OCLC)
Host name VMATEO
Access number 10
Compression information 20150511
Logon BPMSU
Processor of request 00151
956 ## - LOCAL ELECTRONIC LOCATION AND ACCESS (OCLC)
Host name Validado. Control de calidad MFF
Existencias
Withdrawn status Lost status Source of classification or shelving scheme Damaged status Not for loan Collection code Home library Current library Date acquired Source of acquisition Total Checkouts Full call number Barcode Date last seen Price effective from Koha item type Copy number
    Dewey Decimal Classification     Colección Infantil Dominicana Biblioteca Pública Metropolitana Salomé Ureña Biblioteca Pública Metropolitana Salomé Ureña 05/11/2015 Alfaguara   RD863.5 C818u BPMSU15051642 05/11/2015 05/11/2015 Libros  
    Dewey Decimal Classification     Colección Infantil Dominicana Biblioteca Pública Metropolitana Salomé Ureña Biblioteca Pública Metropolitana Salomé Ureña 05/11/2015 Alfaguara   RD863.5 C818u BPMSU5051643 05/11/2015 05/11/2015 Libros e 2
    Dewey Decimal Classification     Colección Infantil Dominicana Biblioteca Pública Metropolitana Salomé Ureña Biblioteca Pública Metropolitana Salomé Ureña 05/11/2015     RD863.5 C818u BPMSU15051644 05/11/2015 05/11/2015 Libros e. 3